[Event "Haarlem AKN op 06th"]
[Site "Haarlem"]
[Date "1997.??.??"]
[Round "5"]
[White "Barendse, Ted"]
[Black "Burer, Audry"]
[Result "1-0"]
[WhiteElo "2180"]
[BlackElo "1845"]
[PlyCount "37"]
[EventDate "1997.06.26"]
[EventType "swiss"]
[EventRounds "6"]
[EventCountry "NED"]
[SourceTitle "EXT 2001"]
[Source "ChessBase"]
[SourceDate "2000.11.22"]
[SourceVersion "1"]
[SourceVersionDate "2000.11.22"]
[SourceQuality "1"]

1. e4 c5 2. Nc3 e6 3. Nge2 d5 4. d4 dxe4 5. Nxe4 Nc6 6. Be3 cxd4 7. Nxd4 Bd7 8. Nb5 Rb8 9. Bc4 a6 10. Nbd6+ Bxd6 11. Nxd6+ Kf8 12. Bc5 Nge7 13. Qh5 g6 14. Qf3 f5 15. 0-0-0 b6 16. Qc3 Ng8 17. Nxf5+ bxc5 18. Qg7+ Ke8 19. Nd6# 1-0

[Event "Haarlem AKN op 06th"]
[Site "Haarlem"]
[Date "1997.??.??"]
[Round "4"]
[White "Beltz, Dolf"]
[Black "Barendse, Ted"]
[Result "1/2-1/2"]
[WhiteElo "1940"]
[BlackElo "2180"]
[PlyCount "114"]
[EventDate "1997.06.26"]
[EventType "swiss"]
[EventRounds "6"]
[EventCountry "NED"]
[SourceTitle "EXT 2001"]
[Source "ChessBase"]
[SourceDate "2000.11.22"]
[SourceVersion "1"]
[SourceVersionDate "2000.11.22"]
[SourceQuality "1"]

1. e4 e6 2. d4 d5 3. Nd2 dxe4 4. Nxe4 Bd7 5. Nf3 Bc6 6. Bd3 Nd7 7. 0-0 Ngf6 8. Qe2 Be7 9. Nxf6+ Bxf6 10. Rd1 Bxf3 11. Qxf3 c6 12. Be4 0-0 13. c4 Qa5 14. Bd2 Qa6 15. b3 Rfd8 16. Bc3 Nf8 17. h4 Rd7 18. h5 Rad8 19. h6 Ng6 20. Rd3 Bxd4 21. Bxg6 fxg6 22. Rxd4 Rxd4 23. Bxd4 Rxd4 24. Qe3 c5 25. Qe5 gxh6 26. Qxc5 Rd8 27. Re1 Qd6 28. Qxa7 Qd2 29. Qe3 Qxe3 30. Rxe3 Rd1+ 31. Kh2 Kf7 32. Re5 Ke7 33. Rb5 Rd7 34. c5 Kd8 35. Kg3 Kc8 36. Rb6 Rd5 37. b4 Re5 38. a4 g5 39. a5 Re4 40. Kf3 Rc4 41. b5 Rxc5 42. a6 bxa6 43. bxa6 Kd7 44. Rb7+ Kd6 45. Rxh7 Rc4 46. Rxh6 Ra4 47. Rg6 Rxa6 48. Rxg5 Ke7 49. Kg4 Kf6 50. f4 Ra8 51. g3 Rb8 52. Re5 Rg8+ 53. Kf3 Ra8 54. g4 Ra3+ 55. Re3 Ra6 56. g5+ Kf7 57. Ke4 Ra4+ 1/2-1/2

[Event "Haarlem AKN op 06th"]
[Site "Haarlem"]
[Date "1997.??.??"]
[Round "6"]
[White "Wunnink, Michael"]
[Black "Barendse, Ted"]
[Result "1-0"]
[WhiteElo "2040"]
[BlackElo "2180"]
[PlyCount "105"]
[EventDate "1997.06.26"]
[EventType "swiss"]
[EventRounds "6"]
[EventCountry "NED"]
[SourceTitle "EXT 2001"]
[Source "ChessBase"]
[SourceDate "2000.11.22"]
[SourceVersion "1"]
[SourceVersionDate "2000.11.22"]
[SourceQuality "1"]

1. d4 e6 2. c4 Nf6 3. Nc3 Bb4 4. e3 c5 5. Nge2 cxd4 6. exd4 0-0 7. a3 Be7 8. d5 exd5 9. cxd5 Re8 10. d6 Bf8 11. g3 b6 12. Bg2 Nc6 13. 0-0 Ba6 14. b4 Bxe2 15. Nxe2 Rc8 16. Nc3 Re6 17. Bf4 Ne5 18. Nb5 a6 19. Nd4 Re8 20. Nf5 Nc6 21. Rc1 b5 22. Rc5 Ne4 23. Ne7+ Nxe7 24. Bxe4 Ng6 25. Bxg6 hxg6 26. Qd5 Rxc5 27. Qxc5 Qb8 28. Qc7 g5 29. Bxg5 Bxd6 30. Qxd7 Bf8 31. Rc1 Qe5 32. Bf4 Qe4 33. Qc6 Qxc6 34. Rxc6 Re4 35. Kg2 Rd4 36. Rc8 Rd1 37. Ra8 f6 38. h4 Kf7 39. Rxa6 Be7 40. Ra7 Ke6 41. Be3 g6 42. g4 f5 43. gxf5+ gxf5 44. h5 Bf6 45. h6 Bb2 46. Ra8 Rd7 47. Kh3 Kf6 48. Ra6+ Ke5 49. Bg5 Rf7 50. Kh4 Ke4 51. Kh5 Rf8 52. h7 f4 53. Kg6 1-0